00737cam a22001817a 4500008004000000020001800040082001600058100001800074245012900092260003600221300001000257440004700267650004800314650004100362650004600403999001900449952008700468180718b2008 xxu||||| |||| 00| 0 eng d a81 250 3315 7 aO62x54 B631 aBode, Maarten aTaking traditional knowledge to the market: the modern image of the ayurvedic and unani industry, 1980-2000cby Maarten Bode aHyderabadbOrient Longmanc2008 a259p. aNew Perspectives in South Asian History 21 aPharmaceutical industry -- India -- History aMedicine, Arab -- India -- Marketing aMedicine, Ayurvedic -- India -- Marketing c415926d415926 00104070aIIPAbIIPAd2009-03-17oO62x54 B631p83073r2018-07-21w2018-07-21yBK